000
00334nam a2200157Ia 4500
100
_a
Handel/R & others/ Huber/ Manfuder
250
_a
2
942
_c
BK
654
_a
Computer
245
_a
ATM Networks
260
_b
ADDISON WESLEY
_a
Wokingham
_c
1994
082
_a
4.6
_b
HAN
300
_a
287
546
_a
ENGLISH
999
_c
22911
_d
22911